00418 a2200133 4500010001400000020002500014035001300039037001500052082001600067245011400083260004000197300003000237700001700267 aENG-89620 a9781905863126c95.00 aEN-73153 bDBAD / PUB14a783.24215421 aSad songs from bollywood films:ccompiled by Kajal Varmab(selection of 130 popular songs from Hindi films)/ aNew DelhibStar Publicationsc2007 a144p.:c22 cm (pbk)bill aVarma, Kajal